| 000 | 00000cam 2200000zi 4500 |
| 001 | 9.963345 |
| 003 | CaOODSP |
| 005 | 20260605141401 |
| 006 | m o d f |
| 007 | cr |n||||||||| |
| 008 | 260605e199407 onc o f000 0 fre d |
| 040 | |aCaOODSP|bfre|erda|cCaOODSP |
| 043 | |an-cn--- |
| 086 | 1 |aJS82-108/1994F-PDF |
| 245 | 03|aLa stratégie correctionnelle. |
| 264 | 1|a[Ottawa] : |bService correctionnel Canada = Correctional Service Canada, |c[1994] |
| 300 | |a1 ressource en ligne (12 pages) |
| 336 | |atexte|btxt|2rdacontent/fre |
| 337 | |ainformatique|bc|2rdamedia/fre |
| 338 | |aressource en ligne|bcr|2rdacarrier/fre |
| 500 | |aÉdition numérisée de l'imprimé [par Sécurité publique Canada]. |
| 500 | |aPublié aussi en anglais sous le titre : The correctional strategy. |
| 610 | 26|aService correctionnel Canada|xGestion. |
| 650 | 6|aServices correctionnels|xPolitique gouvernementale|zCanada. |
| 710 | 2 |aService correctionnel Canada, |eorganisme de publication. |
| 775 | 08|tThe correctional strategy.|w(CaOODSP)9.957906 |
| 856 | 40|qPDF|s285 Ko|uhttps://publications.gc.ca/collections/collection_2026/sp-ps/JS82-108-1994-fra.pdf |